| 000 | 01203nam2a22002411 4500 | ||
|---|---|---|---|
| 001 | RU\NLR\INFOCOMM15\5000298625 | ||
| 005 | 20250617133104.0 | ||
| 035 | _a(NLR Aleph) 002632558 | ||
| 090 |
_a3714208 _c3714208 |
||
| 100 | _a20050216d1989 |||y0rusy50 ca | ||
| 101 | 0 | _arus | |
| 102 | _aRU | ||
| 105 | _ay ||||000|y | ||
| 200 | 1 | _aОпыт предприятий по совершенствованию организации заработной платы | |
| 210 |
_d1989 _aБ. м. |
||
| 461 | 0 |
_1001RU\NLR\INFOCOMM15\5000298424 _12001#$aПередовой производственный опыт легкой промышленности$eОбзор. информ.$fЦНИИ информ. и техн.-экон. исслед. лег. пром-сти$v1989, Вып.5 _93713072 _cМ. _d1984- _fЦНИИ информ. и техн.-экон. исслед. лег. пром-сти _oОбзор. информ. _tПередовой производственный опыт легкой промышленности _x0233-6111 _v1989, Вып.5 |
|
| 801 | 1 |
_aRU _bInfoComm _c20050216 |
|
| 801 | 0 |
_aRU _bNLR _gPSBO |
|
| 852 |
_aNLR _jП22/5057 |
||
| 942 | _cISSUE | ||
| 980 | _aNB | ||
| 980 | _aRUSPER | ||